000 00671nam a2200205 i 4500
001 171397
003 ES-MaACL
005 20250808062805.0
008 090513s1971 sp |||| | spa d
017 _aM 18651-1971
100 1 _aTurrado Turrado, Argimiro (
_d1926-2002)
_9140116
245 1 0 _aDios en el hombre
_b: plenitud o tragedia /
_cpor Argimiro Turrado.
260 _aMadrid :
_b[La Editorial Católica],
_c1971.
300 _aXXXI, 321 p. ;
_c20 cm.
490 1 _aBiblioteca de autores cristianos ;
_v325
500 _aÍndice.
830 0 0 _aBiblioteca de autores cristianos
_v325
_9178679
852 _aES-MaACL
_jJ-318
_9R.46092
999 _c171397
_d171397